[Event "Politiken Cup"]
[Site "Copenhagen DEN"]
[Date "2004.07.30"]
[Round "8"]
[White "Hansen,Her"]
[Black "Gaspariants,G"]
[Result "1/2-1/2"]
[WhiteElo "2028"]
[BlackElo "2293"]

1.Nf3 Nf6 2.c4 e6 3.d4 b6 4.a3 d5 5.Nc3 Be7 6.cxd5 exd5 7.g3 O-O 8.Bg2 c5
9.O-O Nc6 10.h3 Be6 11.Be3 Ne4 12.Rc1 Nxc3 13.Rxc3 c4 14.Ne5 Nxe5 15.dxe5 Qd7
16.Kh2 Rad8 17.Bd4 f5 18.exf6 Bxf6 19.f4 b5 20.Qd2 Kh8 21.g4 Qc7 22.Kh1 Bxd4
23.Qxd4 Qb6 24.Rd1 Qxd4 25.Rxd4 g6 26.Re3 Rd6 27.Kg1 Kg7 28.Re5 Rfd8 29.Kf2 Kf6
30.Ke1 h6 31.e4 dxe4 32.Rxd6 Rxd6 33.Rxb5 Rd3 34.g5+ hxg5 35.fxg5+ Ke7 36.Bf1 Rg3
37.Re5 Kd6 38.Rxe4 c3 39.bxc3 Rxc3 40.Ra4 Bxh3 41.Bxh3 Rxh3 42.Rxa7 Ke5 43.Kd2 Kf4
44.Ra5 Rg3 45.a4 Ke4 46.Kc2 Kd4 47.Rb5 Kc4 48.Kd2 Ra3 49.Rb6 Rxa4 50.Ke3 Kd5
51.Rxg6 Ke5 52.Rg8  1/2-1/2

[Event "9th Open"]
[Site "Creon FRA"]
[Date "2004.08.04"]
[Round "4"]
[White "Tihonov,J"]
[Black "Daumens,M"]
[Result "1-0"]
[WhiteElo "2447"]
[BlackElo "2226"]

1.d4 Nf6 2.c4 e6 3.Nf3 b6 4.a3 d5 5.cxd5 exd5 6.Nc3 Be7 7.Bg5 h6 8.Bh4 O-O
9.e3 Bb7 10.Be2 Nbd7 11.O-O c5 12.Rc1 Rc8 13.Qa4 a6 14.dxc5 Nxc5 15.Qd1 Nce4
16.Nxe4 dxe4 17.Nd4 Qd5 18.Qa4 b5 19.Qa5 Bd8 20.Qb4 Re8 21.Rxc8 Bxc8 22.Rd1 Qb7
23.Qb3 Bg4 24.Bxg4 Nxg4 25.Bg3 Bc7 26.a4 Bxg3 27.hxg3 b4 28.Nf5 Rb8 29.Qd5 Qxd5
30.Rxd5 Kf8 31.f3 exf3 32.gxf3 Nf6 33.Rd6 a5 34.Ra6 Rc8 35.Rxa5 g6 36.Nd4 Rc1+
37.Kg2 Rd1 38.b3 Rd2+ 39.Kf1 Nh5 40.g4 Ng3+ 41.Ke1 Rb2 42.Rc5 h5 43.gxh5 gxh5
44.Rc2 Rb1+ 45.Kf2 h4 46.Ra2 Nf1 47.a5 h3 48.a6  1-0

[Event "Open"]
[Site "Kavala GRE"]
[Date "2004.08.05"]
[Round "7"]
[White "Mateuta,G"]
[Black "Parligras,M"]
[Result "1/2-1/2"]
[WhiteElo "2469"]
[BlackElo "2564"]

1.d4 Nf6 2.c4 e6 3.Nf3 b6 4.a3 Bb7 5.Nc3 d5 6.Bg5 dxc4 7.e4 Be7 8.e5 Nd5
9.Bxe7 Qxe7 10.Bxc4 Nxc3 11.bxc3 O-O 12.O-O Rd8 13.Qe2 c5 14.Rfd1 cxd4 15.cxd4 h6
16.h3  1/2-1/2

[Event "IV Mario Covas"]
[Site "Santos BRA"]
[Date "2004.08.05"]
[Round "6"]
[White "Coelho,L"]
[Black "Zambrana,O"]
[Result "0-1"]
[WhiteElo "2391"]
[BlackElo "2472"]

1.d4 Nf6 2.c4 e6 3.Nf3 b6 4.a3 c6 5.Qc2 d5 6.Bg5 Be7 7.Nc3 Bb7 8.cxd5 cxd5
9.e3 O-O 10.Bd3 Nbd7 11.O-O Rc8 12.Rfc1 Ne4 13.Bxe7 Qxe7 14.Nd2 f5 15.Bxe4 fxe4
16.Qd1 Qf6 17.Qe2 Ba6 18.Qd1 Qg5 19.Kh1 Qh5 20.f3 exf3 21.Nxf3 Rf6 22.e4 Rcf8
23.Qd2 dxe4 24.Qg5 Qxg5 25.Nxg5 e3 26.Re1 e2 27.Nf3 Bb7 28.Nxe2 Bxf3 29.gxf3 Rxf3
30.Nc3 Rd3 31.Rxe6 Rxd4 32.Rae1 Nf6 33.Nb5 Rd7 34.R1e2 Rd1+ 35.Re1 Rxe1+
36.Rxe1 Rf7 37.Rc1 Rd7 38.Rc8+ Kf7 39.b4 a6 40.Nc7 Rd1+ 41.Kg2 Rc1 42.Nb5 Rxc8
43.Nd6+ Ke6 44.Nxc8 Nd5 45.Kf3 Kd7 46.Na7 Kc7 47.b5 a5 48.Nc6 Nc3 49.Nd4 Kd6
50.Nf5+ Ke5 51.Ne3 Nxb5 52.Nc4+ Kd4 53.Nxb6 Nxa3 54.Ke2 Nc4 55.Na4 Nd6 56.Kd2 Ne4+
57.Kc2 h5 58.Nb2 g5 59.Nd3 h4 60.Nc1 Ke3  0-1

[Event "ch-Arab"]
[Site "Dubai UAE"]
[Date "2004.08.07"]
[Round "5"]
[White "Hassan,Ab"]
[Black "Taleb,M"]
[Result "1/2-1/2"]
[WhiteElo "2324"]
[BlackElo "2464"]

1.d4 Nf6 2.Nf3 e6 3.c4 b6 4.a3 Bb7 5.Nc3 d5 6.Bg5 Be7 7.Qa4+ c6 8.Bxf6 Bxf6
9.cxd5 exd5 10.g3 O-O 11.Bg2 Re8 12.O-O a5 13.h4 Bc8 14.Qc2 g6 15.e4 dxe4
16.Nxe4 Bf5 17.Nxf6+ Qxf6 18.Qc3 Nd7 19.Rfe1 Rad8 20.Ne5 c5 21.Nc6 cxd4 22.Qxd4 Qxd4
23.Nxd4 Ne5 24.Nxf5 gxf5 25.Re2 Kf8 26.Rae1 Nc4 27.Bc6 Rxe2 28.Rxe2 f4 29.gxf4 Rd4
30.f5 Kg7 31.f3 Rxh4 32.Be4 Rh6 33.Rg2+ Kf6 34.Rc2 Ne5 35.f4 Nd7 36.b4 axb4
37.axb4 Ke7 38.Kg2 Rd6 39.Kf3 Rd4 40.b5 h5 41.Bc6 Nc5 42.Rh2 Rd3+ 43.Kf2 Rd4  1/2-1/2

[Event "ch-ESP Abierto"]
[Site "Seville ESP"]
[Date "2004.08.13"]
[Round "1"]
[White "Ortega Hermida,D"]
[Black "Vega Castilla,A"]
[Result "1-0"]
[WhiteElo "2399"]
[BlackElo "2029"]

1.d4 Nf6 2.Nf3 e6 3.c4 b6 4.a3 Bb7 5.Nc3 Be7 6.d5 exd5 7.cxd5 d6 8.e4 O-O
9.Bd3 Nbd7 10.Nd4 Re8 11.O-O Ne5 12.Bb5 Nfd7 13.f4 Ng6 14.Qa4 Bf6 15.Nc6 Qc8
16.Nxa7 Qb8 17.Bxd7 Rxa7 18.Qb4 Re7 19.Bb5 Qc8 20.Bd2 Ba6 21.Rae1 Bxb5 22.Nxb5 Ra8
23.Bc3 Bxc3 24.Qxc3 Qg4 25.h3 Qh4 26.Nd4 Rd7 27.Nf5 Qf6 28.e5  1-0

[Event "HZ Open"]
[Site "Vlissingen NED"]
[Date "2004.08.13"]
[Round "8"]
[White "Lacrosse,M"]
[Black "Stange,S"]
[Result "1-0"]
[WhiteElo "2257"]
[BlackElo "2135"]

1.d4 Nf6 2.c4 e6 3.Nf3 b6 4.a3 Ba6 5.Qc2 Bb7 6.Nc3 c5 7.e4 cxd4 8.Nxd4 Bc5
9.Nb3 Nc6 10.Bg5 O-O 11.O-O-O a6 12.Kb1 Be7 13.f4 Ne8 14.Bxe7 Qxe7 15.Na4 d6
16.Nxb6 Rb8 17.c5 dxc5 18.Qxc5  1-0

[Event "14th Open"]
[Site "Abu Dhabi UAE"]
[Date "2004.08.15"]
[Round "2"]
[White "Bocharov,D"]
[Black "Mahjoob,M"]
[Result "1-0"]
[WhiteElo "2569"]
[BlackElo "2461"]

1.d4 Nf6 2.Nf3 e6 3.c4 b6 4.a3 Ba6 5.Qc2 Bb7 6.Nc3 c5 7.e4 cxd4 8.Nxd4 Bc5
9.Nb3 Nc6 10.Bg5 h6 11.Bh4 Nd4 12.Nxd4 Bxd4 13.Bd3 Qb8 14.Bg3 Be5 15.O-O-O O-O
16.Kb1 Rc8 17.Qe2 a6 18.Rc1 Bc6 19.Rhd1 d6 20.Bxe5 dxe5 21.g4 Rd8 22.h4 g6
23.f3 Kg7 24.Qe3 Ng8 25.g5 h5 26.Be2 Ne7 27.Rxd8 Qxd8 28.Rd1 Qc7 29.c5 b5
30.Rd6 Nc8 31.Rd2 Be8 32.Na2 Ne7 33.Qc3 Kg8 34.Nc1 Nc6 35.Rd6 Rd8 36.Rxd8 Qxd8
37.Nd3 Qc7 38.Nb4 Nd4 39.Bf1 Nc6 40.Kc1 Kf8 41.Kd2 Ke7 42.Ke3 f6 43.Be2  1-0

[Event "Open A"]
[Site "Riga LAT"]
[Date "2004.08.17"]
[Round "5"]
[White "Starostits,A"]
[Black "Berzinsh,R"]
[Result "1-0"]
[WhiteElo "2277"]
[BlackElo "2455"]

1.d4 Nf6 2.c4 e6 3.Nf3 b6 4.a3 Ba6 5.Qc2 Bb7 6.Nc3 c5 7.e4 cxd4 8.Nxd4 Nc6
9.Nxc6 Bxc6 10.Be2 Qc7 11.Be3 Bc5 12.Bxc5 bxc5 13.O-O Qf4 14.f3 Rb8 15.Rab1 a5
16.Qc1 Qxc1 17.Rfxc1 g5 18.Bd3 d6 19.Bc2 Ke7 20.Kf2 Nd7 21.b3 Ne5 22.a4 h5
23.Rd1 h4 24.Nb5 h3 25.g4 Rbd8 26.Rd2 f5 27.gxf5 exf5 28.exf5 Rh4 29.Re1 Rf4
30.Nxd6 Rxf3+ 31.Kg1 Kf6 32.Rxe5 Kxe5 33.Nf7+ Kf4 34.Nxd8 Be4 35.Ne6+  1-0

[Event "14th Open"]
[Site "Abu Dhabi UAE"]
[Date "2004.08.20"]
[Round "6"]
[White "Saleh,Nag"]
[Black "Illijin,N"]
[Result "0-1"]
[WhiteElo "2167"]
[BlackElo "2286"]

1.Nf3 Nf6 2.c4 e6 3.d4 b6 4.a3 Bb7 5.Nc3 d5 6.Bg5 Be7 7.e3 Nbd7 8.Qc2 h6
9.Bf4 c6 10.cxd5 exd5 11.Bd3 a6 12.O-O O-O 13.h3 c5 14.Rad1 Re8 15.Bf5 Nf8
16.dxc5 bxc5 17.Qb3 Ra7 18.Be5 Bd6 19.Bxf6 Qxf6 20.Bg4 d4 21.exd4 Bxf3 22.Bxf3 Qf4
23.g3 Qxf3 24.Qb6 Bb8 25.Qxc5 Rae7 26.Nd5 Re2 27.Qc6 Kh8 28.Nb4 Qxc6 29.Nxc6 Rxb2
30.Rfe1 Rxe1+ 31.Rxe1 Bd6 32.a4 Rd2 33.Re8 Kh7 34.Rd8 Ba3 35.Ne5 Ne6 36.Rd7 Rxd4
37.Rxf7 Ng5 38.Ra7 Bd6 39.Nd7 Rxa4 40.h4 Nf3+ 41.Kg2 Ne5 42.Nf6+ Kg6 43.Ne8 Bf8
44.Nc7 Bc5 45.Rxa6+ Rxa6 46.Nxa6 Bd6  0-1

[Event "14th Open"]
[Site "Abu Dhabi UAE"]
[Date "2004.08.21"]
[Round "7"]
[White "Bocharov,D"]
[Black "Bakre,T"]
[Result "1-0"]
[WhiteElo "2569"]
[BlackElo "2492"]

1.d4 Nf6 2.Nf3 e6 3.c4 b6 4.a3 Bb7 5.Nc3 d5 6.cxd5 Nxd5 7.Qc2 Nxc3 8.Qxc3 h6
9.e3 Be7 10.b4 O-O 11.Be2 Nd7 12.Bb2 c5 13.dxc5 Bf6 14.Qd2 Bxb2 15.Qxb2 bxc5
16.b5 a6 17.O-O axb5 18.Bxb5 Qc7 19.Rfd1 Bc6 20.Bxc6 Qxc6 21.Qc3 Ra6 22.Qd3 Ra7
23.Rac1 Qa8 24.h3 Nf6 25.Ra1 c4 26.Qxc4 Rxa3 27.Rxa3 Qxa3 28.Ne5 Qb2 29.Nc6 Ra8
30.Ne7+ Kh8 31.Qc7 Qb8 32.Qxb8+ Rxb8 33.Nc6 Rc8 34.Ne5 Kg8 35.Rb1 Ne4 36.f3 Nd6
37.e4 f6 38.Nd3 e5 39.Rb6 Nc4 40.Rb7  1-0

[Event "Knjaz Milos Jezero Open"]
[Site "Belgrade SCG"]
[Date "2004.08.21"]
[Round "5"]
[White "Jovicic,R"]
[Black "Pikula,D"]
[Result "1/2-1/2"]
[WhiteElo "2233"]
[BlackElo "2508"]

1.d4 Nf6 2.Nf3 e6 3.c4 b6 4.a3 Ba6 5.Qc2 Bb7 6.Nc3 c5 7.e4 cxd4 8.Nxd4 d6
9.f4 Nbd7 10.f5 e5 11.Nde2 Rc8 12.Ng3 h5 13.Bd3 h4 14.Nf1 Be7 15.Ne3 a6 16.Ned5 Nxd5
17.cxd5 Bg5 18.O-O b5 19.Qe2 Bxc1 20.Raxc1 Qg5 21.Rfd1 Nc5 22.Bc2 O-O 23.Qd2 Qe7
24.Rf1 Nd7 25.Rf3 Nf6 26.Rcf1 Rc7 27.Qg5 Nh7 28.Qxe7 Rxe7 29.Rh3 g5 30.fxg6 fxg6
31.Rxf8+ Kxf8 32.Na2 g5 33.Rc3 Ke8 34.a4 bxa4 35.Bxa4+ Kd8 36.Nb4 Nf6 37.Nc6+ Bxc6
38.Rxc6 Nxe4 39.Bc2 Nc5 40.b4 Nb7 41.Rxa6 Rf7 42.Ba4 Rf4 43.Bc6 Rxb4 44.Bxb7 Rxb7
45.Rxd6+ Rd7 46.Rg6 Rxd5 47.Rxg5 h3 48.gxh3 Ke7  1/2-1/2

[Event "52nd ch-HUN w"]
[Site "Budapest HUN"]
[Date "2004.08.25"]
[Round "7"]
[White "Goczo,M"]
[Black "Ignacz,M"]
[Result "1-0"]
[WhiteElo "2248"]
[BlackElo "2193"]

1.d4 Nf6 2.c4 e6 3.Nf3 b6 4.a3 Ba6 5.Qc2 c5 6.e4 cxd4 7.Nxd4 Bb7 8.Nc3 d6
9.Be2 a6 10.Be3 Nbd7 11.f3 Be7 12.O-O O-O 13.Rac1 Qc7 14.b4 Rac8 15.Qb3 Qb8
16.Rfd1 Bd8 17.Kh1 Bc7 18.Bg1 Rfe8 19.Bd3 Qa8 20.Na4 Bb8 21.Bf1 Ba7 22.Nc3 Ne5
23.Nc2 Red8 24.Ne3 Ng6 25.Rd2 d5 26.exd5 exd5 27.Rcd1 dxc4 28.Nxc4 Rxd2 29.Rxd2 b5
30.Nd6 Rf8 31.Bc5 Bxc5 32.bxc5 Bc6 33.a4 Qa7 34.axb5 axb5 35.Qb4 Nd7 36.Ncxb5 Bxb5
37.Nxb5 Qxc5 38.Qxc5 Nxc5 39.g3 Rb8 40.f4 Ne7 41.Bc4 Kf8 42.Kg2 f6 43.Nc7 Rc8
44.Ba2 Ng6 45.Nb5 Rb8 46.Nd4 Rd8 47.Kf3 Ne7 48.Rb2 Ke8 49.Rd2 Nf5 50.Re2+ Ne7
51.Nf5 Rd3+ 52.Kg4 Rd7 53.Nxg7+ Kf8 54.Nh5 Rd6 55.Rc2 Nd3 56.Bc4 Nb4 57.Rb2 Nbc6
58.Ra2 f5+ 59.Kf3 Rd8 60.Kg2 Nb4 61.Rb2 Nbd5 62.Kf3 Nc3 63.h3 Ne4 64.Kg2 Rd2+
65.Rxd2 Nxd2 66.Bd3 Nb3 67.Nf6 h6 68.Nd7+ Kg7 69.Kf3 Nd4+ 70.Ke3 Ne6 71.Bc4 Nd8
72.Kd4 h5 73.h4 Nf7 74.Kc5 Nh6 75.Kd6 Neg8 76.Ke6 Ng4 77.Bd3 N8h6 78.Bxf5 Ne3
79.Bd3 Neg4 80.f5  1-0

[Event "I Fincas Mediterranea"]
[Site "Castelldefels ESP"]
[Date "2004.08.26"]
[Round "9"]
[White "Hernando Rodrigo,Ju"]
[Black "Castaner Halster,X"]
[Result "1-0"]
[WhiteElo "2362"]
[BlackElo "2134"]

1.d4 Nf6 2.c4 e6 3.Nf3 b6 4.a3 Ba6 5.Qc2 c5 6.e4 d6 7.e5 Nfd7 8.Qe4 d5 9.cxd5 Bb7
10.Nc3 exd5 11.Nxd5 Nc6 12.e6 fxe6 13.Qxe6+ Be7 14.Bb5 Rc8 15.Ng5 Rf8 16.Ne4  1-0

[Event "Paks Cup IM"]
[Site "Paks HUN"]
[Date "2004.08.26"]
[Round "6"]
[White "Zimmerman,Y"]
[Black "Fodor,T jr"]
[Result "1/2-1/2"]
[WhiteElo "2361"]
[BlackElo "2202"]

1.d4 Nf6 2.c4 e6 3.Nf3 b6 4.a3 Ba6 5.Qc2 Bb7 6.Nc3 c5 7.dxc5 bxc5 8.Bf4 Bxf3
9.gxf3 Nc6 10.e3 Be7 11.Rd1 O-O 12.Be2 Qa5 13.O-O Rfd8 14.Rd2 d5 15.cxd5 exd5
16.Rfd1 d4 17.Na4 Rac8 18.e4 Nh5 19.Bg3 Nxg3 20.hxg3 d3 21.Rxd3 Nd4 22.Rxd4 cxd4
23.Qb3 Rb8 24.Qc4 Rdc8 25.Qa6 Qxa6 26.Bxa6 Rc6 27.Be2 Rd8 28.Bb5 Rc7 29.f4 h5
30.Kg2 g6 31.Kf3 Kg7 32.Bf1 g5 33.fxg5 Bxg5 34.Bd3 Bc1 35.Rh1 Rb8 36.Rxh5 Bxb2
37.Nxb2 Rxb2 38.Rd5 Rc3 39.Rxd4 Rxa3 40.Ke3 a5 41.e5 a4 42.f4 Rbb3 43.f5 Ra1
44.f6+ Kh6 45.Rd8 Kg5 46.Rg8+ Kh6 47.Rh8+ Kg5 48.Rg8+ Kh6  1/2-1/2

[Event "Open"]
[Site "Pune IND"]
[Date "2004.09.04"]
[Round "2"]
[White "Kamble,V"]
[Black "Venkatesh,M"]
[Result "1/2-1/2"]
[WhiteElo "2354"]
[BlackElo "2439"]

1.d4 Nf6 2.c4 e6 3.Nf3 b6 4.a3 Bb7 5.Nc3 d5 6.Bg5 Be7 7.Qa4+ Qd7 8.Qxd7+ Nbxd7
9.Nb5 Kd8 10.e3 a6 11.Nc3 h6 12.Bh4 g5 13.Bg3 Bd6 14.Nd2 Ne4 15.cxd5 Nxg3
16.hxg3 exd5 17.Be2 Nf6 18.O-O-O Ke7 19.Bf3 g4 20.Be2 Rac8 21.Nb3 h5 22.Kb1 Rhg8
23.Bd3 Rg5 24.Ne2 c5 25.Bc2 c4 26.Nd2 b5 27.Nc3 b4 28.axb4 Bxb4 29.Rde1 Kf8
30.Kc1 Bc6 31.Rhg1 a5 32.f4 Rg8 33.e4 dxe4 34.Bxe4 Kg7 35.Bxc6 Rxc6 36.Re5 Rd8
37.Nde4 Rxd4 38.Nxf6 Rxf6 39.Nd5 Re6 40.Rxh5 Rd3 41.Rgh1 Re1+ 42.Rxe1 Bxe1
43.Rg5+ Kf8 44.Nf6 Bxg3 45.Rxg4 Bf2 46.Kc2 Bd4 47.Rg8+ Ke7 48.Nd5+ Kd7 49.Nc3 Bxc3
50.bxc3 Re3 51.Kd2 Rd3+ 52.Kc2 Re3 53.Kd2  1/2-1/2

[Event "TCh-CRO"]
[Site "Rabac CRO"]
[Date "2004.09.06"]
[Round "2"]
[White "Jankovic,A"]
[Black "Jovanic,O"]
[Result "1/2-1/2"]
[WhiteElo "2444"]
[BlackElo "2440"]

1.d4 Nf6 2.Nf3 e6 3.c4 b6 4.a3 Bb7 5.Nc3 Ne4 6.Nxe4 Bxe4 7.Bf4 Bxf3 8.exf3 Be7
9.Bd3 Bf6 10.Be3 O-O 11.Qc2 g6 12.O-O-O Nc6 13.Be4 Rb8 14.h4 Ne7 15.d5 Qe8
16.h5 Bg7 17.hxg6 fxg6 18.dxe6 dxe6 19.g4 Rf7 20.Rd2 Nc8 21.Bd4 Nd6 22.Bxg7 Rxg7
23.Re2 Qf7 24.Bc6 Qf4+ 25.Kb1 Qxc4 26.Qxc4 Nxc4 27.Rxe6 Nd6 28.Bd5 Kf8 29.g5 Re8
30.Rf6+ Ke7 31.Bc6 Rh8 32.Re1+ Kd8 33.Rfe6 Rf7 34.b4 Rhf8 35.b5 Rf5 36.Re7 R5f7
37.R7e5 Rf5  1/2-1/2

[Event "TCh-SCG Men"]
[Site "Budva SCG"]
[Date "2004.09.08"]
[Round "1"]
[White "Nestorovic,De"]
[Black "Perunovic,Mio"]
[Result "1-0"]
[WhiteElo "2389"]
[BlackElo "2366"]

1.d4 Nf6 2.c4 e6 3.Nf3 b6 4.a3 Ba6 5.Qc2 Bb7 6.Nc3 c5 7.e4 cxd4 8.Nxd4 Bc5
9.Nb3 Nc6 10.Bg5 h6 11.Bh4 Nd4 12.Nxd4 Bxd4 13.Bd3 Qb8 14.Bg3 Be5 15.O-O-O O-O
16.Rhe1 Rc8 17.Bxe5 Qxe5 18.g3 Qc5 19.Kb1 e5 20.f4 d6 21.Qe2 Ba6 22.Nd5 Nxd5
23.cxd5 Bxd3+ 24.Rxd3 Qb5 25.fxe5 dxe5 26.Rd2 Qd7 27.Rc1 f5 28.Rf1 Rf8 29.exf5 Rxf5
30.Rc1 Rd8 31.g4 Rg5 32.Rc4 e4 33.d6 Qxg4 34.Rxe4 Qxe2 35.Rexe2 Rg6 36.Re7 a5
37.d7 Rf6 38.Re8+ Rf8 39.Re6 Rf6 40.Re8+ Rf8 41.Re6 Rf6 42.Rxf6 gxf6 43.Rd6 Kf7
44.Kc2 Ke7 45.Rxb6 Rxd7 46.Rb5 Ra7 47.Rh5 a4 48.Rxh6 Ke6 49.Rh4 Ke5 50.Rb4 f5
51.Kd3 Rh7 52.h4 Rg7 53.Ke3 Rg2 54.Kf3 Rh2 55.Kg3 Rd2 56.h5 Kf6 57.h6 Kg6
58.Rb6+ Kg5 59.h7 Rd3+ 60.Kg2 Rd2+ 61.Kf3 Rd3+ 62.Kf2 Rd2+ 63.Ke3 Rh2 64.Rb7 Rh3+
65.Kd4 Kg6 66.Ke5 Re3+ 67.Kf4 Re4+ 68.Kg3 Re3+ 69.Kf4 Re4+ 70.Kf3 Rh4 71.Ra7 Rh3+
72.Kg2 Rxh7 73.Rxa4 Rc7 74.Rb4 Kg5 75.a4 Rc2+ 76.Kf3 Rc1 77.Rb3 Rf1+ 78.Ke2 Ra1
79.Ra3 Rb1 80.Ra2 Kg4 81.a5 Kg3 82.a6 f4 83.Ra3+ Kg2 84.a7 f3+ 85.Kd2  1-0

[Event "TCh-SCG Women"]
[Site "Budva SCG"]
[Date "2004.09.08"]
[Round "1"]
[White "Kizova,S"]
[Black "Peptan,C"]
[Result "0-1"]
[WhiteElo "2124"]
[BlackElo "2429"]

1.d4 Nf6 2.c4 e6 3.Nf3 b6 4.a3 Ba6 5.Qb3 Bb7 6.Nc3 Be7 7.d5 c6 8.dxe6 dxe6
9.Bg5 Nbd7 10.e3 O-O 11.Be2 Qc7 12.O-O e5 13.Rfd1 Rfe8 14.Qc2 Nf8 15.Bxf6 Bxf6
16.Ne4 Be7 17.c5 b5 18.Qc3 Ng6 19.Rd2 Rad8 20.Rad1 Rd5 21.Nd6 Bxd6 22.Rxd5 cxd5
23.Bxb5 Rc8 24.cxd6 Qxd6 25.Qd2 Qc7 26.Ba4 Qc4 27.Bd7 Rd8 28.Bf5 Qc7 29.Rc1 Qb8
30.h3 Ne7 31.Bb1 g6 32.Ba2 Kg7 33.Rc5 Qd6 34.Qc2 Rd7 35.b4 f6 36.Qb3 Rc7
37.e4 Kh6 38.Qe3+ Kg7 39.Qb3 Ba8 40.Rxc7 Qxc7 41.exd5 Qc1+ 42.Kh2 Bxd5 43.Qb1 Qf4+
44.Kg1 Bxf3 45.gxf3 Qxf3 46.Qc1 Nf5 47.Qc7+ Kh6 48.Bg8 Nh4 49.Qxh7+ Kg5  0-1

[Event "TCh-SCG Men"]
[Site "Budva SCG"]
[Date "2004.09.09"]
[Round "2"]
[White "Lekic,D"]
[Black "Kostic,Vl"]
[Result "1/2-1/2"]
[WhiteElo "2384"]
[BlackElo "2390"]

1.d4 Nf6 2.c4 e6 3.Nf3 b6 4.a3 Bb7 5.Nc3 d5 6.cxd5 Nxd5 7.e3 Nd7 8.Bd3 Be7
9.O-O O-O 10.e4 Nxc3 11.bxc3 c5 12.Qe2 Qc7 13.Bb2 c4 14.Bc2 b5 15.e5 Qc6
16.Rad1 Qd5 17.Rfe1 Nb6 18.Qf1 Na4 19.Be4 Qd7 20.Bxb7 Qxb7 21.Qe2 Rfd8 22.Qc2 Nxb2
23.Qxb2 Qa6 24.Ra1 Qa4 25.Nd2 a5 26.Ne4 b4 27.axb4 Qb5 28.Qa2 axb4 29.Qxa8 Rxa8
30.Rxa8+ Bf8 31.Nd6 Qd5 32.Rc8 bxc3 33.Rc1 Qxd4 34.Nxc4 f5 35.exf6 Kf7 36.fxg7 Kxg7
37.Ne3 Bc5 38.g3 h5 39.h4 Kf6 40.Kh2 Ke7 41.Nd1 Kd7 42.Rxc5 Qxc5 43.Rxc3 Qd4
44.Rc1 Qd2 45.Ra1 Qd4 46.Rc1 Qd2 47.Ra1 Qd4  1/2-1/2

[Event "TCh-SCG Women"]
[Site "Budva SCG"]
[Date "2004.09.10"]
[Round "3"]
[White "Kononenko,T"]
[Black "Bojkovic,N"]
[Result "1/2-1/2"]
[WhiteElo "2361"]
[BlackElo "2393"]

1.d4 Nf6 2.c4 e6 3.Nf3 b6 4.a3 Ba6 5.Qc2 Bb7 6.Nc3 c5 7.e4 cxd4 8.Nxd4 Bc5
9.Nb3 Nc6 10.Bg5 h6 11.Bh4 Nd4 12.Nxd4 Bxd4 13.Bd3 Qb8 14.Bg3 Be5 15.O-O-O O-O
16.Kb1 d6 17.Bxe5 dxe5 18.f3 a6 19.Rd2 Bc6 20.Rhd1 Rc8 21.Bf1 Qb7 22.Qd3 Ne8
23.Qe3 Rab8 24.g4 Qe7 25.Rg2 b5 26.cxb5 Bxb5 27.Bxb5 axb5 28.Na2 Nd6 29.g5 Nc4
30.Qg1 h5 31.g6 fxg6 32.Rxg6 Rd8 33.Nb4 Rxd1+ 34.Qxd1 Rd8 35.Qg1 Rd2 36.Rg2 Qd7
37.Kc1 Rxg2 38.Qxg2 Qd4 39.Qe2 h4 40.Nd3 Qg1+ 41.Kc2 h3 42.f4 Qg2 43.Kd1 exf4
44.Nxf4 Nxb2+ 45.Kc2 Qg5 46.Kxb2 Qxf4 47.Kb3 Qe5 48.Kb4 Qd6+ 49.Kb3 Qe5 50.Kb4 Qd6+
51.Kb3 Qc5 52.Qd3 Qe5 53.Qe2 g5 54.Qh5 Kg7 55.Qxh3 Qxe4 56.Qc3+ Kg6 57.Qh8 Qc4+
58.Kb2 Kf5  1/2-1/2

[Event "8th WUCC"]
[Site "Instanbul TUR"]
[Date "2004.09.11"]
[Round "9"]
[White "Svetushkin,D"]
[Black "Jenni,F"]
[Result "0-1"]
[WhiteElo "2546"]
[BlackElo "2517"]

1.d4 Nf6 2.c4 e6 3.Nf3 b6 4.a3 Ba6 5.Qc2 Bb7 6.Nc3 c5 7.e4 cxd4 8.Nxd4 d6
9.Be2 Be7 10.Be3 Nbd7 11.O-O a6 12.Rfd1 Rc8 13.Rac1 Qc7 14.f3 O-O 15.Bf1 Qb8
16.Qf2 Bd8 17.Kh1 Ne5 18.Na4 Ba8 19.b4 Nfd7 20.Nb2 h6 21.Qg3 Kh8 22.Qh3 Nf6
23.Nb3 Be7 24.Na4 Ned7 25.Nd4 Rfe8 26.Rb1 Bf8 27.Bg1 Kg8 28.Qg3 d5 29.cxd5 exd5
30.Bxa6 Bd6 31.Qh3 dxe4 32.Bxc8 Qxc8 33.f4 Bxf4 34.Ne2 Bg5 35.Be3 Qc6 36.Nac3 Ne5
37.b5 Qb7 38.Nf4 Nfg4 39.Ncd5 f5 40.Qg3 Bxf4 41.Bxf4 Nd3 42.Nc7 Nxf4 43.Qxf4 e3
44.Rd5 Re5 45.Rd8+ Kh7 46.Nxa8 Qe7 47.Rd4 Rxb5 48.Re1 Qh4 49.Qg3 Nf2+ 50.Kg1 Qxd4
51.Nc7 Re5 52.Qf3 Nd3 53.Re2 Nf4 54.Re1 e2+ 55.Kh1 Qd2  0-1

[Event "TCh-CRO"]
[Site "Rabac CRO"]
[Date "2004.09.11"]
[Round "7"]
[White "Kozul,Z"]
[Black "Saric,A"]
[Result "1-0"]
[WhiteElo "2630"]
[BlackElo "2389"]

1.d4 Nf6 2.c4 e6 3.Nf3 b6 4.a3 Ba6 5.Qc2 Bb7 6.Nc3 c5 7.d5 exd5 8.cxd5 Nxd5
9.Bg5 Be7 10.Nb5 O-O 11.Nd6 Bc6 12.h4 f6 13.e4 Nb4 14.Qb3+ Kh8 15.Bf4 Bxd6
16.Bxd6 Re8 17.axb4 Rxe4+ 18.Kd2 Rxb4 19.Qf7 Bxf3 20.Bf8 Rd4+ 21.Kc3 Rg4
22.gxf3  1-0

[Event "TCh-SCG Women"]
[Site "Budva SCG"]
[Date "2004.09.12"]
[Round "5"]
[White "Kononenko,T"]
[Black "Stojanovic,Na"]
[Result "1-0"]
[WhiteElo "2361"]
[BlackElo "2061"]

1.d4 Nf6 2.c4 e6 3.Nf3 b6 4.a3 Bb7 5.Nc3 d5 6.cxd5 exd5 7.Bg5 Be7 8.Bxf6 Bxf6
9.e3 O-O 10.Qb3 Re8 11.Rd1 c6 12.Bd3 Nd7 13.O-O Be7 14.e4 Nf6 15.exd5 cxd5
16.Rfe1 Bf8 17.Ne5 g6 18.f4 Nh5 19.Rf1 Bh6 20.g3 a6 21.Bb1 Qd6 22.Na4 b5
23.Nc5 Bc8 24.Qf3 f5 25.h3 Rf8 26.Ba2 Nf6 27.g4 Bg7 28.g5 Nd7 29.Qxd5+  1-0

[Event "TCh-CRO"]
[Site "Rabac CRO"]
[Date "2004.09.12"]
[Round "8"]
[White "Mikhalchishin,A"]
[Black "Gyimesi,Z"]
[Result "1/2-1/2"]
[WhiteElo "2527"]
[BlackElo "2618"]

1.d4 Nf6 2.c4 e6 3.Nf3 b6 4.a3 Bb7 5.Nc3 d5 6.Bg5 Be7 7.Bxf6 Bxf6 8.cxd5 exd5
9.g3 O-O 10.Bg2 c5 11.O-O  1/2-1/2

[Event "TCh-SCG Men"]
[Site "Budva SCG"]
[Date "2004.09.18"]
[Round "10"]
[White "Nestorovic,De"]
[Black "Panic,Ne"]
[Result "1-0"]
[WhiteElo "2389"]
[BlackElo "2367"]

1.d4 Nf6 2.c4 e6 3.Nf3 b6 4.a3 Ba6 5.Qc2 c5 6.d5 exd5 7.cxd5 g6 8.Nc3 d6
9.g3 Bg7 10.Bg2 O-O 11.O-O b5 12.Re1 Re8 13.e4 b4 14.axb4 cxb4 15.Na4 b3
16.Qb1 Nbd7 17.Bf4 Nb6 18.Nc3 Bc4 19.Qd1 a5 20.Nd2 a4 21.Nxa4 Rxa4 22.Rxa4 Nxa4
23.Nxc4 Nh5 24.Bxd6 Nxb2 25.Nxb2 Qxd6 26.Qxb3 Rb8 27.Nc4 Qf8 28.Qd3 Qc5 29.e5 Bf8
30.d6 Ng7 31.Bd5 Nf5 32.Qf3 h5 33.Ne3 Qc3 34.Re2 Rb1+ 35.Kg2 Qc1 36.Kh3 Rb4
37.Rc2  1-0

[Event "ch-ISR w"]
[Site "Ramat Aviv ISR"]
[Date "2004.09.22"]
[Round "4"]
[White "Porat,M"]
[Black "Dotan,V"]
[Result "0-1"]
[WhiteElo "2022"]
[BlackElo "2029"]

1.d4 Nf6 2.c4 e6 3.Nf3 b6 4.a3 Bb7 5.Nc3 Be7 6.Bg5 h6 7.Bf4 d6 8.Qc2 Nbd7
9.e4 O-O 10.Bd3 Nh5 11.Be3 e5 12.d5 a5 13.Qd2 Nc5 14.g4 Nf4 15.Bxf4 exf4
16.Bc2 Ba6 17.b4 Nd7 18.b5 Bc8 19.Qxf4 Bf6 20.Qd2 Re8 21.O-O-O Nc5 22.Nd4 Bxg4
23.Rdg1 Bh5 24.Nf5 Bg6 25.Rg3 Bxf5 26.exf5 Bg5 27.f4 Bh4 28.Rg4 Bf6 29.Rhg1 Qe7
30.R4g3 Kf8 31.Qg2 Bxc3 32.Rxc3 Qf6 33.Qf3 Re7 34.Kb1 Rae8 35.Qg3 Re2 36.Rf3 Ne4  0-1

[Event "TCh-Vojvodina"]
[Site "Sombor SCG"]
[Date "2004.09.26"]
[Round "3"]
[White "Bulajic,R"]
[Black "Orlov,K"]
[Result "1-0"]
[WhiteElo "2298"]
[BlackElo "2297"]

1.d4 Nf6 2.c4 e6 3.Nf3 b6 4.a3 Bb7 5.Nc3 Be7 6.d5 exd5 7.cxd5 Ba6 8.g3 O-O
9.Bg2 Re8 10.O-O d6 11.Nd4 Nfd7 12.Re1 Bf6 13.b4 Ne5 14.Ne4 Nbd7 15.Bb2 Nc4
16.Bc3 Nde5 17.Nc6 Qd7 18.Nxf6+ gxf6 19.e4 Nxc6 20.dxc6 Qe6 21.f4 b5 22.Qh5 Bc8
23.Qh6 Ne5 24.fxe5 fxe5 25.Qxe6 Bxe6 26.a4 a6 27.axb5 axb5 28.Rxa8 Rxa8 29.Ra1 Rxa1+
30.Bxa1  1-0

[Event "IMA Classic"]
[Site "Gausdal NOR"]
[Date "2004.09.27"]
[Round "6"]
[White "Ivanov,MM"]
[Black "Thompson,I"]
[Result "0-1"]
[WhiteElo "2463"]
[BlackElo "2235"]

1.d4 e6 2.c4 Nf6 3.Nf3 b6 4.a3 d5 5.Nc3 Bb7 6.Bg5 Be7 7.Qa4+ c6 8.Bxf6 Bxf6
9.cxd5 exd5 10.g3 O-O 11.Rd1 Nd7 12.Bg2 a5 13.O-O b5 14.Qb3 Be7 15.Rfe1 b4
16.axb4 axb4 17.Nb1 Qa5 18.e4 dxe4 19.Rxe4 Bf6 20.Rf4 Qa4 21.Qd3 c5 22.b3 Qa2
23.Ne5 Nxe5 24.Qf5 Ng6 25.Bxb7 Nxf4 26.gxf4 Bxd4 27.Nd2 Rad8 28.Bd5 Rxd5
29.Qxd5 Qc2 30.Qf3 Re8 31.f5 h6 32.Kg2 Re5 33.f6 Rg5+ 34.Kh1 Rf5 35.Qg4 Rxf6
36.Ne4 Rg6 37.Qf3 Re6 38.Ng3 Qxf2 39.Qa8+ Kh7 40.Qd5 Re1+ 41.Rxe1 Qxe1+ 42.Kg2 Qf2+
43.Kh3 Qf6 44.Kg2 g6 45.h4 Kg7 46.h5 Qg5  0-1

[Event "Monarch Assurance"]
[Site "Port Erin IOM"]
[Date "2004.09.28"]
[Round "4"]
[White "Handke,F"]
[Black "Ramaswamy,A"]
[Result "1-0"]
[WhiteElo "2461"]
[BlackElo "2299"]

1.d4 Nf6 2.c4 e6 3.Nf3 b6 4.a3 Bb7 5.Nc3 d5 6.cxd5 Nxd5 7.Qc2 Be7 8.e4 Nxc3
9.bxc3 O-O 10.Bd3 c5 11.O-O Nc6 12.Bb2 Qc7 13.Qe2 e5 14.Nxe5 Nxe5 15.dxe5 Qxe5
16.f4 Qc7 17.c4 Rad8 18.Rf3 Rd7 19.Rh3 g6 20.Qh5  1-0

[Event "VIII Itau Cup"]
[Site "Sao Paulo BRA"]
[Date "2004.10.02"]
[Round "9"]
[White "Frare,F"]
[Black "Limp,E"]
[Result "0-1"]
[WhiteElo "2226"]
[BlackElo "2441"]

1.d4 Nf6 2.Nf3 e6 3.c4 b6 4.a3 Bb7 5.Nc3 d5 6.cxd5 Nxd5 7.Qc2 Be7 8.e4 Nxc3
9.bxc3 O-O 10.Bd3 c5 11.O-O cxd4 12.cxd4 Qc8 13.Qe2 Ba6 14.Rd1 Bxd3 15.Rxd3 Qa6
16.Bg5 Bxg5 17.Nxg5 h6 18.Nf3 Nd7 19.Rad1 Rac8 20.g4 Rc3 21.Qe3 Rxd3 22.Rxd3 Rc8
23.e5 Qc4 24.Kg2 Nf8 25.Nd2 Qc2 26.Ne4 Ng6 27.Rc3 Rxc3 28.Nxc3 b5 29.Ne4 a5
30.Kg3 b4 31.axb4 axb4 32.Nc5 Qd1 33.h3 Ne7 34.Nb3 Qg1+ 35.Kh4 Nd5 36.Qg3 g5+
37.Kh5 Kg7  0-1